<?xml version="1.0" encoding="UTF-8"?><?xml-stylesheet type="text/xsl" href="static/style.xsl"?><OAI-PMH xmlns="http://www.openarchives.org/OAI/2.0/" xmlns:xsi="http://www.w3.org/2001/XMLSchema-instance" xsi:schemaLocation="http://www.openarchives.org/OAI/2.0/ http://www.openarchives.org/OAI/2.0/OAI-PMH.xsd"><responseDate>2026-04-17T02:18:27Z</responseDate><request verb="GetRecord" identifier="oai:www.recercat.cat:2072/449861" metadataPrefix="marc">https://recercat.cat/oai/request</request><GetRecord><record><header><identifier>oai:recercat.cat:2072/449861</identifier><datestamp>2025-04-13T19:37:51Z</datestamp><setSpec>com_2072_98</setSpec><setSpec>col_2072_378194</setSpec></header><metadata><record xmlns="http://www.loc.gov/MARC21/slim" xmlns:dcterms="http://purl.org/dc/terms/" xmlns:xsi="http://www.w3.org/2001/XMLSchema-instance" xmlns:doc="http://www.lyncode.com/xoai" xsi:schemaLocation="http://www.loc.gov/MARC21/slim http://www.loc.gov/standards/marcxml/schema/MARC21slim.xsd">
   <leader>00925njm 22002777a 4500</leader>
   <datafield ind2=" " ind1=" " tag="042">
      <subfield code="a">dc</subfield>
   </datafield>
   <datafield ind2=" " ind1=" " tag="720">
      <subfield code="a">Borràs Català, Vicent</subfield>
      <subfield code="e">author</subfield>
   </datafield>
   <datafield ind2=" " ind1=" " tag="720">
      <subfield code="a">Trinidad Jiménez, Albert</subfield>
      <subfield code="e">author</subfield>
   </datafield>
   <datafield ind2=" " ind1=" " tag="720">
      <subfield code="a">Moreno Colom, Sara,</subfield>
      <subfield code="e">author</subfield>
   </datafield>
   <datafield ind2=" " ind1=" " tag="720">
      <subfield code="a">Alcaraz Coca, Núria</subfield>
      <subfield code="e">author</subfield>
   </datafield>
   <datafield ind2=" " ind1=" " tag="720">
      <subfield code="a">Congreso de la Red Española de Política Social</subfield>
      <subfield code="e">author</subfield>
   </datafield>
   <datafield ind2=" " ind1=" " tag="260">
      <subfield code="c">2018</subfield>
   </datafield>
   <datafield ind2=" " ind1=" " tag="520">
      <subfield code="a">Es presenten part dels resultats del projecte subvencionat en la convocatòria 2016 d'ajuts al suport de la recerca en matèria de joventut de la Generalitat de Catalunya - Agència Catalana de Joventut</subfield>
   </datafield>
   <datafield ind2=" " ind1=" " tag="520">
      <subfield code="a">Se propone presentar parte de los resultados del proyecto AJOVE "Millorant l'ocupació de la joventut al territori" financiado por el Observatori Català de la Joventut. En concreto, el objetivo de la ponencia es analizar el peso que la variable territorio tiene en la construcción de las trayectorias laborales de los jóvenes que han vivido una experiencia de fracaso o abandono escolar. Como hipótesis de partida se apunta que la tradición local y el modelo productivo vinculado al territorio condicionan las expectativas formativas y laborales de la población joven. Este objeto de estudio se justifica en la actual situación de paro e inactividad juvenil que, entre otros aspectos, pone de manifiesto un desajuste entre la oferta formativa y el mercado laboral. Dicho desajuste incluye las transformaciones del valor social que los jóvenes atribuyen al trabajo, la invisibilidad de las competencias y habilidades que no son aprendidas en los ámbitos formativos y profesionales y la especificidad socioeconómica del territorio. Se propone una estrategia metodológica cualitativa para analizar la estructura, el significado y el contenido de las trayectorias laborales juveniles en el territorio tomando en consideración distintos perfiles de jóvenes según su situación con relación a los estudios y el empleo, así como el género y el lugar de residencia. En concreto, se comparan las trayectorias laborales de tres modelos productivos territoriales distintos: servicios, industria y agricultura. Los resultados apuntan, por un lado, aspectos comunes entre el colectivo de jóvenes con independencia del lugar de residencia según su experiencia formativa, los condicionantes familiares y la influencia de la variable género. Sin embargo, por otro lado, se observa el peso que ejerce la variable territorio en la construcción de expectativas que marcan las decisiones tomadas en relación a los estudios y el trabajo. Se espera que el conjunto de estos resultados permita avanzar en la revisión de las propuestas de intervención orientadas a fomentar la ocupación juvenil desde distintos niveles: adecuando la oferta formativa territorial a los sectores emergentes que generan ocupación en cada territorio; explorando las experiencias formativas más allá de la educación formal; o incorporando competencias ligadas a las prácticas cotidianas de los jóvenes.</subfield>
   </datafield>
   <datafield tag="653" ind2=" " ind1=" ">
      <subfield code="a">Jóvenes</subfield>
   </datafield>
   <datafield tag="653" ind2=" " ind1=" ">
      <subfield code="a">Empleo</subfield>
   </datafield>
   <datafield tag="653" ind2=" " ind1=" ">
      <subfield code="a">Territorio</subfield>
   </datafield>
   <datafield tag="653" ind2=" " ind1=" ">
      <subfield code="a">Formación</subfield>
   </datafield>
   <datafield tag="653" ind2=" " ind1=" ">
      <subfield code="a">Género</subfield>
   </datafield>
   <datafield ind2="0" ind1="0" tag="245">
      <subfield code="a">La empleabilidad de l@s jóvenes : entre el perpetuo tránsito a ninguna parte y el oasis del tiempo libre</subfield>
   </datafield>
</record></metadata></record></GetRecord></OAI-PMH>